000 00368nam a2200145Ia 4500
008 230917s9999||||xx |||||||||||||| ||und||
040 _e200347
_aMAIN
041 _aEnglish
082 _a615.19 M468M
100 _aZhang, Li-He, ed.
245 0 _aMedicinal Chemistry of nucleic acids
260 _aHoboken
_bJohn Wiley
_c2011
300 _axxvi,428 p.
942 _cBK
999 _c160841
_d160841